The magnetic universe (Record no. 111719)
[ view plain ]
| 000 -LEADER | |
|---|---|
| fixed length control field | 01463nam a2200385Ia 4500 |
| 082 04 - DEWEY DECIMAL CLASSIFICATION NUMBER | |
| Classification number | 538 |
| 100 1# - MAIN ENTRY--AUTHOR NAME | |
| Personal name | Zirker, Jack B. |
| 245 14 - TITLE STATEMENT | |
| Title | The magnetic universe |
| 260 ## - PUBLICATION, DISTRIBUTION, ETC. (IMPRINT) | |
| Place of publication | Baltimore : |
| Name of publisher | Johns Hopkins University Press, |
| Year of publication | c2009. |
| 300 ## - PHYSICAL DESCRIPTION | |
| Number of Pages | ix, 298 p. : |
| Other physical details | ill. |
| 650 #0 - SUBJECT ADDED ENTRY--TOPICAL TERM | |
| Topical Term | Magnetic fields. |
| Topical Term | Cosmic magnetic fields. |
| Topical Term | Magnetism. |
| Topical Term | Magnetosphere. |
| Topical Term | Heliosphere (Ionosphere) |
| Topical Term | Gravity. |
| 856 40 - ELECTRONIC LOCATION AND ACCESS | |
| Uniform Resource Identifier | http://site.ebrary.com/lib/rucke/Doc?id=10363203 |
No items available.
